000 00972 a2200205 4500
001 48700
005 20260407155752.0
008 260407a1971 arg spa d
003 AR-UNSa-BCEJYS
040 _aAR-UNSa-BCEJYS
_bspa
_cAR-UNSa-BCEJYS
080 _a94(82):33
_xHistoria Económica Argentina
245 1 0 _aHistoria de los ferrocarriles argentinos
250 _a5a.ed.
264 1 _aBuenos Aires :
_bPlus Ultra
_c1971
300 _a400p.
_c20 cm.
505 _a1. Historia del Ferrocarril Oeste - 2. Historia del Ferrocarril Central Argentino - 3. Historia del Ferrocarril Central Córdoba - 4. Historia del Ferrocarril Buenos Aires al Pacífico (Primera Parte) - 5. Historia del Ferrocarril Buenos Aires al Pacífico (Segunda Parte) - 6. Historia del Ferrocarril Trasandino - 7. Historia de los ferrocarriles del Estado - 7. Historia del Ferrocarril del Este.
942 _cBK
590 _aniveau_biblio:m niveau_hierar:0
100 1 _aScalabrini Ortiz, Raúl
999 _c4682
_d4682